Odvodová úľava

Od 1. novembra 2013 môžu byť pri zamestnávaní dlhodobo nezamestnaných osôb zamestnávateľovi a zamestnancovi odpustené odvody takmer v celej výške. Podmienky na uplatnenie predmetnej odvodovej úľavy. Výška odvodov pri zamestnávaní dlhodobo nezamestnaných. Nevýhody, ktoré prináša odvodová úľava.

Gespeichert in:
Bibliographische Detailangaben
1. Verfasser: Slaninková, Katarína
Format: Buchkapitel
Sprache:Slowakisch
Schlagworte:
Tags: Tag hinzufügen
Keine Tags, Fügen Sie das erste Tag hinzu!

MARC

LEADER 00000naa a2200000 4500
001 0241816
005 20180409085731.5
041 0 |a slo 
044 |a SK 
245 1 0 |a Odvodová úľava  |c Katarína Slaninková 
520 |a Od 1. novembra 2013 môžu byť pri zamestnávaní dlhodobo nezamestnaných osôb zamestnávateľovi a zamestnancovi odpustené odvody takmer v celej výške. Podmienky na uplatnenie predmetnej odvodovej úľavy. Výška odvodov pri zamestnávaní dlhodobo nezamestnaných. Nevýhody, ktoré prináša odvodová úľava. 
610 2 0 |a odvody 
610 2 0 |a poistenie sociálne 
610 2 0 |a poistenie zdravotné 
610 2 0 |a nezamestnaní 
610 2 0 |a nezamestnanosť dlhodobá 
610 2 0 |a úľavy daňové 
610 2 0 |a zamestnanci 
610 2 0 |a zamestnávatelia 
100 1 |a Slaninková, Katarína